Quizzes
Events
Quiz Creation
Community
Videos
Private Events
Remove Ads
Sign In
Join for FREE
Feedback
Dark Mode
Quiz Categories
Sports
Geography
Music
Movies
Television
Just For Fun
Miscellaneous
History
Literature
Language
Science
Gaming
Entertainment
Religion
Holiday
For Kids
Quiz Lab
Recent
Popular Today
Quiz Kudos Today
Editor Picks
Curator Picks
Quizzes by...
Day
Popularity
Type
Ratings
Length
Year
Community
Subscriptions
Recent Discussions
Orange Saloon
Badges
Playlists
Quests
Create
Leaderboards
Showdown
Live 5
Trivia Bingo
Activity
Puzzle Library
Sporcle Events
Private Events
Virtual Trivia
Globe League
Become a Host
Pub Owners
SporcleCon
Opinionation
Our Games
Videos
Blog
Mobile Apps
Partnerships
Remove Ads and Go Orange
Feedback
Sports
Athletes
MLB
NBA
NHL
NFL
Soccer
Sports Teams
WWE
NCAA
Football
Premier League
Basketball
Baseball
Hockey
Golf
Tennis
Cricket
Rugby
Auto Racing
Olympics
World Cup
Sports
Athletes
MLB
NBA
NHL
NFL
Soccer
Sports Teams
WWE
NCAA
Football
Premier League
Basketball
Baseball
Hockey
Golf
Tennis
Cricket
Rugby
Auto Racing
Olympics
World Cup
Random Quiz
Search Sporcle
×
Quiz Lab
Quiz Lab
Sports
Baseball
Type in answers that appear in a list
Type in answers that appear in a list
Classic
Best Score? Go Orange.
MLB Teams 2014 Stats
Can you name the MLB Teams 2014
By
max_metslover66
4m
30 Questions
64 Plays
64 Plays
64 Plays
Comments
Comments
Give Quiz Kudos
Give Quiz Kudos
-
- Ratings
hide this ad
Replay
Link that replays current quiz
Next Quiz
Link to next quiz in quiz playlist
You Got
0%
They Got
Avg Score
97%
Avg Friend Score
Upgrade to see
Score Distribution
Jump to the score distribution portion of the page
Score
0/30
Timer
04:00
0
Plays Today
Hint
Answer
% Correct
NL East
New York Mets
100%
NL East
Washington Nationals
100%
NL Central
Cincinnati Reds
100%
AL East
Boston Red Sox
100%
AL West
Houston Astros
100%
AL West
Los Angeles Angels of Anaheim
100%
AL West
Seattle Mariners
100%
AL West
Oakland Athletics
100%
NL East
Philadelphia Phillies
98.4%
NL East
Miami Marlins
98.4%
AL East
New York Yankees
98.4%
AL East
Baltimore Orioles
98.4%
AL East
Toronto Blue Jays
98.4%
AL East
Tampa Bay Rays
98.4%
AL Central
Chicago White Sox
98.4%
Hint
Answer
% Correct
AL Central
Detroit Tigers
98.4%
AL West
Texas Rangers
98.4%
NL East
Atlanta Braves
96.9%
NL Central
Pittsburgh Pirates
96.9%
NL West
Los Angeles Dodgers
96.9%
NL West
San Diego Padres
96.9%
AL Central
Cleveland Indians
96.9%
NL Central
St. Louis Cardinals
95.3%
NL West
Arizona Diamondbacks
95.3%
AL Central
Kansas City Royals
95.3%
AL Central
Minnesota Twins
95.3%
NL Central
Chicago Cubs
93.8%
NL Central
Milwaukee Brewers
93.8%
NL West
Colorado Rockies
93.8%
NL West
San Francisco Giants
90.6%
Quiz Playlist
Details
Report
Send in Message
Add To Playlist
Classic:
Type in answers that appear in a list
Last Updated: Feb 16, 2017
Quiz Scoreboard
CHALLENGE
Sign Up to Join the Scoreboard
Show All
Scores
Hide
Comments
May contain spoilers
Recently Published
1-10 Letter E Words III
by El_Dandy
Language
2m
One Thing in Common: World Cities II
by knightlancer
Geography
7m
Popular People in 1961
by mucciniale
History
6m
More to Explore
Quiz From the Vault
Featured Blog Post
Where Did the Easter Bunny Come From?
hide this ad
You Might Also Like...
Tags
Baseball Quiz
MLB Quiz
Sports Teams Quiz
Today's Top Quizzes in Sports
Browse Sports
hide this ad
Today's Top Quizzes in Baseball
Browse Baseball
Top Contributed Quizzes in Sports
1
2022 World Cup Stars
2
Les entraîneurs de l'OM et du PSG au 21e siècle
3
FIFA Club World Cup Champions
4
Criteria MLB: Left Handed Sluggers
5
Les meilleurs buteurs des matchs entre le PSG et l’OM
6
Name the Premier League winners with different clubs
7
Players with Multiple 50 Home Run Seasons
8
MLB Players with Two .350 Batting Average Seasons
9
La finale Lions - Afrique du Sud 2021
10
MLB Hall of Famer by Rings
Explore More
Trending Topics
Marvel
Disney
NBA
Crossword
Anime
Harry Potter
Kpop
Soccer
Song
Country
WWE
The Office
Puzzle
Pokémon
NFL
hide this ad
More By:
max_metslover66
Quiz
Plays
Rating
Category
Featured
Created
2021 NCAA Tournament States
2,154
4.67
Sports
Mar 15, 2021
2021 NCAA Tournament States With Multiple Teams
339
4.80
Sports
Mar 14, 2021
2017 NCAA Tournament states
332
5.00
Sports
Mar 12, 2017
Big 10 Teams (Map)
240
3.50
Sports
Feb 21, 2017
2016 NCAA Tournament teams by location
239
5.00
Sports
Mar 13, 2016
Go to Creator's Profile
Score Distribution
Quiz Creator Spotlight
max_metslover66
Follow
Send a Message
Quizzes Created
-
Created Quiz Play Count
-
More By This Creator
Popular Quizzes Today
1
Find the US States - No Outlines Minefield
2
The Countries of the World
3
Popular People in 1961
4
Find the Countries of Europe - No Outlines Minefield
5
1-10 Letter E Words III
6
Find the US States
7
One Thing in Common: World Cities II
8
US States
More Sports Quizzes
Last Five: Big 4 Champions
Published
Trending Quizzes
1-10 Letter F Words
One Thing in Common: Music
1-10 Letter G Words
Risky Map Clicking: Next State Alphabetically
1-10 Letter F Words II
Recently Updated
Leaping Animals
pecheneg
Reality TV Shows (A-Z)
bhenderson79
Rickey Henderson's Hall of Fame Teammates
pecheneg
Champions League XIs: Arsenal
pecheneg
Quick Pick: Celebrities in WWE's Hall of Fame
aduchscher
A-Z Keypad Blitz II
pecheneg
Multiple Oscar Actors
pecheneg
Mystery Phrase Blitz: Oscar 'Best Actors'
pecheneg
F. Scott Fitzgerald Novels
LTH
Pick 3 Villains
ddd62291
Trending Topics
Marvel
Kpop
Harry Potter
Disney
NBA
Crossword
Anime
WWE
Pokémon
Soccer
The Office
Puzzle
Country
NFL
Song
Your Account Isn't Verified!
In order to create a playlist on Sporcle, you need to verify the email address you used during registration. Go to your
Sporcle Settings
to finish the process.
Report this User
Report this user for behavior that violates our
Community Guidelines
.
Details:
Send Report
Go to the Sporcle.com Mobile Site →
Comments